|
|
|
|
| LEADER |
00000cam a2200000 7i4500 |
| 001 |
0000039746 |
| 005 |
20160815.0 |
| 008 |
140105 |
| 020 |
|
|
|a 9674170134
|
| 090 |
0 |
0 |
|a JF
|b JAW (1505)
|
| 245 |
0 |
0 |
|a Pertunjukan silap mata
|
| 260 |
|
|
|a Selangor :
|b Penerbitan Gedung Ilmu ,
|c 2013
|
| 440 |
|
0 |
|a Siri kanak-kanak harmoni
|
| 500 |
|
|
|a Children ages 7-9 years old (orange)
|
| 650 |
|
0 |
|a Jawi
|
| 999 |
|
|
|a 0001215438
|b Book
|c Children Collection
|e Cawangan Bukit Gambir
|
| 999 |
|
|
|a 0001260349
|b Book
|c Children Collection
|e Cawangan Bukit Gambir
|
| 999 |
|
|
|a 0001260350
|b Book
|c Children Collection
|e Cawangan Mersing
|
| 999 |
|
|
|a 0001260351
|b Book
|c Children Collection
|e Cawangan Tangkak
|
| 999 |
|
|
|a 0001260357
|b Book
|c Children Collection
|e Cawangan Urban Transformation Centre
|
| 999 |
|
|
|a 0001260358
|b Book
|c Children Collection
|e Cawangan Bandar Penawar
|
| 999 |
|
|
|a 0001261878
|b Book
|c Children Collection
|e Perbadanan Perpustakaan Awam Johor
|
| 999 |
|
|
|a 0001261879
|b Book
|c Children Collection
|e Cawangan Urban Transformation Centre
|
| 999 |
|
|
|a 0001261880
|b Book
|c Children Collection
|e Perbadanan Perpustakaan Awam Johor
|